Normal view
MARC view
Entry Personal Name
001 - CONTROL NUMBER
- control field: 8684
003 - CONTROL NUMBER IDENTIFIER
- control field: dpl
005 - DATE AND TIME OF LATEST TRANSACTION
- control field: 20100807150436.0
008 - FIXED-LENGTH DATA ELEMENTS
- fixed length control field: 100807|||a|||||| | ||| d
040 ## - CATALOGING SOURCE
- Original cataloging agency: dpl
- Transcribing agency: dpl
100 ## - HEADING--PERSONAL NAME
- Personal name: Dawood, A. Sheik
670 ## - SOURCE DATA FOUND
- Source citation: Work cat.: (dpl): Dawood, A. Sheik, Dyes /, 2008
670 ## - SOURCE DATA FOUND
- Source citation: Work cat.: (dpl): Dawood, A. Sheik, Dyes /, 2008
